Diseño geométrico y pavimento articulado de 250 metros lineales en el municipio de Managua, distrito iii del barrio Recreo Norte entre la avenida suroeste 17 y 15
El proyecto beneficiará a la población del barrio EL RECREO NORTE municipio de Managua, creando una vía con mejor transitabilidad, de modo que se recopilará información en cuanto a las características propias del sitio tales como: topografía, condiciones del suelo y estudios de tránsito, de...
| Main Authors: | , , |
|---|---|
| Other Authors: | |
| Format: | Tesis Section = Libro |
| Language: | Undetermined Spanish |
| Published: |
Managua
UNI-IES
2021
|
| Subjects: |
| LEADER | 01532nam a2200277Ia 4500 | ||
|---|---|---|---|
| 008 | 240830s9999 xx 000 0 und d | ||
| 040 | |a BIBLIOTECA-RUPAP Mon 625.85 A284 | ||
| 041 | |a spa | ||
| 082 | |a Mon 625.85 A284 | ||
| 100 | 1 | |a Aguirre Pérez, Allison Monserrat | |
| 100 | 1 | |b Sánchez Calderón, Jorge Ernesto | |
| 100 | 1 | |c Silva Roa, Levi Manuel | |
| 245 | 1 | 0 | |a Diseño geométrico y pavimento articulado de 250 metros lineales en el municipio de Managua, distrito iii del barrio Recreo Norte entre la avenida suroeste 17 y 15 |
| 260 | |a Managua |b UNI-IES |c 2021 | ||
| 300 | |a 107 p. :il. | ||
| 500 | |a Contiene: anexos y CD. | ||
| 502 | |a Tesis (Ingeniero Civil)- UNI, 2021. | ||
| 520 | 3 | |a El proyecto beneficiará a la población del barrio EL RECREO NORTE municipio de Managua, creando una vía con mejor transitabilidad, de modo que se recopilará información en cuanto a las características propias del sitio tales como: topografía, condiciones del suelo y estudios de tránsito, de manera análoga se planificara curvas, ancho de carril, bordillo y pendiente para el diseño geométrico el cual se realizará tomando en cuenta el Manual Centroamericano SIECA para el diseño geométrico de carreteras, NIC 2019 y AASHTO 93 en base a pavimento articulado. | |
| 650 | 7 | |a PAVIMENTOS | |
| 650 | 7 | |b PAVIMENTOS DE ASFALTO | |
| 650 | 7 | |c ESTUDIO DE SUELO | |
| 650 | 7 | |d CARRETERAS-MANTENIMIENTO Y REPARACION | |
| 700 | 1 | |a Tutor: |b Morales, Israel | |
| 942 | |c BK |2 ddc | ||
| 991 | |a TESIS | ||
| 999 | |c 18840 | ||